000 00460nam a22001577a 4500
005 20150206154754.0
008 150206b xxu||||| |||| 00| 0 eng d
022 _a2322-0058
040 _adpl
245 0 4 _aAsian journal of legal education
260 _aNew Delhi
_bSage Publication
_c2014
300 _av :
_c24 cm
310 _abi-annual
270 _aB-1/1-1,Mohan Cooperative Industrial Area,Mathura Road,
_bNew Delhi
_dIndia
_e110044
942 _2ddc
_cSR
_s1
999 _c91297
_d91297